|
|
|
|
| LEADER |
00000nsc a2200000 a 4500 |
| 003 |
Ucuenca |
| 005 |
20240113062651.0 |
| 008 |
014111|1991 cl |||||r|||||||||||spa|| |
| 020 |
|
|
|a 9561009160
|
| 040 |
|
|
|b spa
|
| 041 |
0 |
|
|a spa
|
| 082 |
0 |
|
|a 340.04
|
| 100 |
|
|
|a Mayo de Goyeneche, Marie Claude
|9 61063
|
| 245 |
|
|
|a Informática jurídica
|c Marie Claude Mayo de Goyeneche
|h foto
|
| 264 |
|
|
|a Santiago
|b Editorial Jurídica de Chile
|c 1991
|
| 300 |
|
|
|a 145 páginas:
|c 21 cm
|
| 490 |
|
|
|a Cartillas Jurídicas
|
| 504 |
|
|
|a incl. ref.
|
| 505 |
0 |
|
|a Presentación -- 1. Introducción -- 2.Protección Jurídica del Software -- 3.Protección Jurídica del Hardware -- 4 Cosnsideraciones generales sobre los Bancos de Datos -- 5. La creación Intelectual en los Bancos de Datos -- 6. Protección de los Bancos de Datos por el Derecho de Autor -- 7. Conclusiones en materia de Banco de Datos -- 8. Aspectos de Reelevancia Jurídica en torno a la Sociedad Informatizada -- 9. Consideraciones finales concernientes al Derecho Informativo.
|
| 650 |
|
7 |
|a Derecho informático
|9 2080
|
| 650 |
|
0 |
|a Informatica juridica
|9 42225
|
| 650 |
|
4 |
|a Derecho
|9 229
|
| 852 |
|
|
|a UC-CDJBV
|f Donación
|l 1
|m General
|p 20141113
|q 1.00
|r 2
|t si9761
|b 0
|d CDRC
|e CDRC
|g 340.04 PRIMER PISO
|z 2014-41-11
|
| 856 |
|
|
|a http://sibuc.ucuenca.edu.ec/portada/si9761.jpg
|
| 942 |
|
|
|c CR
|0 2
|2 ddc
|z diana.fajardo@ucuenca.edu.ec
|
| 999 |
|
|
|c 135217
|d 135217
|